| 000 | 01086 a2200337 4500 | ||
|---|---|---|---|
| 999 |
_c71394 _d19783 |
||
| 001 | 71394 | ||
| 003 | TR-AnTOB | ||
| 005 | 20250407090932.0 | ||
| 008 | 080730s1983 tu 00000 tur | ||
| 040 |
_aTR-AnTOB _cTR-AnTOB |
||
| 041 | _atur | ||
| 050 |
_aDR590 _b.A73 1983 |
||
| 090 | _aDR590 .A73 1983 | ||
| 100 | 1 |
_aArcayürek, Cüneyt, _d1928-2015 _98490 |
|
| 245 | 0 |
_aDemokrasinin ilk yılları / _cCüneyt Arcayürek. |
|
| 246 | 3 |
_aDemokrasinin ilk yılları: _b1947-1951. |
|
| 264 | 1 |
_aAnkara: _bBilgi Yayınevi, _c1983. |
|
| 300 |
_a246 s.: _bres.; _c20 cm. |
||
| 336 |
_2rdacontent _atext _btxt |
||
| 337 |
_2rdamedia _aunmediated _bn |
||
| 338 |
_2rdacarrier _avolume _bnc |
||
| 490 | 0 |
_aBilgi Yayınları/Bilgi Dizisi ; _v33 _aCüneyt Arcayürek açıklıyor ; _v1 |
|
| 590 | _aSn. Celil Güngör tarafından bağışlanmıştır. | ||
| 651 | 0 |
_aTurkey _xPolitics and government _y1918-1960 _999522 |
|
| 651 | 0 |
_aTürkiye _xSiyaset ve yönetim _y1918-1960 _986916 |
|
| 902 | _a0024557 | ||
| 903 | _aMerkez Kütüphane | ||
| 942 |
_cBK _2lcc |
||
| 945 | _aAY.BS | ||